000 00255nam a22001217a 4500
003 SGT
082 _a618.92
_bP16H
100 _aHOLMES, GREGORY L.
245 _aPEDIATRIC NEUROLOGY
260 _aINDIA
_bOXFORD
_c2016
300 _a206
942 _2ddc
_cBK
999 _c14982
_d14982